| 000 | 01501nam a22002897a 4500 | ||
|---|---|---|---|
| 005 | 20101011141328.0 | ||
| 008 | 100928t xxu||||| |||| 00| 0 hin d | ||
| 010 | _aHIN-92202 | ||
| 020 |
_c300.00 _a9788190903301 |
||
| 035 | _aHN-64548 | ||
| 037 | _bDBAD / PUB | ||
| 040 |
_aDPL _bHN |
||
| 082 | _a824 | ||
| 100 |
_922145 _aचेलीशेव, ये.प. |
||
| 245 |
_aप्रगतिशील भारतीय साहित्कारों के छविचित्र / _cये.प. चेलीशेव;बी.आर. शर्मा द्वारा संपादित एवं अनुदित |
||
| 246 |
_aPragatisheel Bharatiya Sahityakaron ek chhavichitra _bby E.P. Chelishev |
||
| 260 |
_aदिल्ली _bआदित्य पब्लिशर्स एंड डिस्ट्री _c2010 |
||
| 270 |
_aदुकान नं.4-ए, एबीसी कॉम्प्लेक्स, 20 वीर सावरकर ब्लॉक, शकरपुर _bदिल्ली _e110092 |
||
| 300 |
_a206पृ. _c22सेमी (सजिल्द) |
||
| 650 |
_91169 _aहिन्दी निबन्ध |
||
| 650 |
_922409 _aHindi Niband |
||
| 700 |
_922273 _aशर्मा, बी.आर. |
||
| 700 | _91253 | ||
| 700 | _922352 | ||
| 942 |
_2ddc _cHN _h824 _mचेलीशे |
||
| 999 |
_c51393 _d51393 |
||